000 00443nam a22001817a 4500
005 20250704150114.0
008 250704b |||||||| |||| 00| 0 eng d
020 _a9780352340276
_qpbk
041 _aeng
082 _a823.92 SCA
100 _aScarlett Cat
245 _aWhat Suki Wants
_c/ Cat Scarlett
250 _a1st ed
260 _aLondon
_bNexus
_c2006
300 _a237p. :
_c20cm
650 _aEnglish Fiction
942 _cENGLISH
999 _c574766
_d574766